ბათუმის შოთა რუსთაველის სახელმწიფო უნივერსიტეტის ბიბლიოთეკა

Basic Linear Algebra / (ბიბ.ჩანაწერი № 41074)

000 -LEADER
fixed length control field 00904nam a2200277Ia 4500
001 - CONTROL NUMBER
control field 7723
003 - CONTROL NUMBER IDENTIFIER
control field GE_BSU
005 - DATE AND TIME OF LATEST TRANSACTION
control field 20221116113150.0
008 - FIXED-LENGTH DATA ELEMENTS--GENERAL INFORMATION
fixed length control field 181216s2005en xx |||||||||||||| ||eng||
020 ## - INTERNATIONAL STANDARD BOOK NUMBER
International Standard Book Number 1852336625.x
040 ## - CATALOGING SOURCE
Transcribing agency GE_BSU
041 ## - LANGUAGE CODE
Language code of text/sound track or separate title eng
080 ## - UNIVERSAL DECIMAL CLASSIFICATION NUMBER
Universal Decimal Classification number 512.64B-68
100 ## - MAIN ENTRY--PERSONAL NAME
Personal name Blyth,T.S.
9 (RLIN) 14694
245 ## - TITLE STATEMENT
Title Basic Linear Algebra /
Statement of responsibility, etc. T.S. Blyth, ,E.F. Robertson, Advisory Board:P.J.Cameron,M.A.J.Chaplain, K.Edman,and other.
264 ## - PRODUCTION, PUBLICATION, DISTRIBUTION, MANUFACTURE, AND COPYRIGHT NOTICE
Place of production, publication, distribution, manufacture London:
Name of producer, publisher, distributor, manufacturer Springer,
Date of production, publication, distribution, manufacture, or copyright notice 2005.
300 ## - PHYSICAL DESCRIPTION
Extent 231p;
Dimensions 24 cm.
440 ## - SERIES STATEMENT/ADDED ENTRY--TITLE
Title Secod Edition.Springer Undergraduate Mathematics Series: ISSN 1615-2085.
9 (RLIN) 14699
653 ## - INDEX TERM--UNCONTROLLED
keyword Basic Linear Algebra.
653 ## - INDEX TERM--UNCONTROLLED
keyword ალგებრა.
700 ## - ADDED ENTRY--PERSONAL NAME
Personal name Robertson, E.F.
9 (RLIN) 14700
700 ## - ADDED ENTRY--PERSONAL NAME
Personal name Cameron, P.J.
Relator term Advisory Board
9 (RLIN) 14676
700 ## - ADDED ENTRY--PERSONAL NAME
Personal name Chaplain, M.A.J
Relator term Advisory Board
9 (RLIN) 14672
700 ## - ADDED ENTRY--PERSONAL NAME
Personal name Edman, K.
Relator term Advisory Board
9 (RLIN) 14691
942 ## - ADDED ENTRY ELEMENTS (KOHA)
Koha item type წიგნი
Source of classification or shelving scheme
ეგზემპლარები
Withdrawn status Lost status Source of classification or shelving scheme Damaged status Not for loan Permanent Location Current Location Shelving location Date acquired Cost, normal purchase price Full call number Barcode Date last seen Copy number Price effective from Koha item type Public note
          ბათუმის შოთა რუსთაველის სახელმწიფო უნივერსიტეტის მთავარი ბიბლიოთეკა ბათუმის შოთა რუსთაველის სახელმწიფო უნივერსიტეტის მთავარი ბიბლიოთეკა წიგნსაცავი 2018-12-17 76.00 512.64B-68 24083 2018-12-17 24083 2018-12-17 წიგნი 76gel.
          ბათუმის შოთა რუსთაველის სახელმწიფო უნივერსიტეტის მთავარი ბიბლიოთეკა ბათუმის შოთა რუსთაველის სახელმწიფო უნივერსიტეტის მთავარი ბიბლიოთეკა წიგნსაცავი 2018-12-17 76.00 512.64B-68 24084 2018-12-17 24084 2018-12-17 წიგნი 76gel.
          ბათუმის შოთა რუსთაველის სახელმწიფო უნივერსიტეტის მთავარი ბიბლიოთეკა ბათუმის შოთა რუსთაველის სახელმწიფო უნივერსიტეტის მთავარი ბიბლიოთეკა წიგნსაცავი 2018-12-17 76.00 512.64B-68 24085 2018-12-17 24085 2018-12-17 წიგნი 76gel.
          ბათუმის შოთა რუსთაველის სახელმწიფო უნივერსიტეტის მთავარი ბიბლიოთეკა ბათუმის შოთა რუსთაველის სახელმწიფო უნივერსიტეტის მთავარი ბიბლიოთეკა წიგნსაცავი 2018-12-17 76.00 512.64B-68 24086 2018-12-17 24086 2018-12-17 წიგნი 76gel.
          ბათუმის შოთა რუსთაველის სახელმწიფო უნივერსიტეტის მთავარი ბიბლიოთეკა ბათუმის შოთა რუსთაველის სახელმწიფო უნივერსიტეტის მთავარი ბიბლიოთეკა წიგნსაცავი 2018-12-17 76.00 512.64B-68 24087 2018-12-17 24087 2018-12-17 წიგნი 76gel.